[Event "Mar del Plata op 53rd"]
[Site "Mar del Plata"]
[Date "2024.03.30"]
[Round "8"]
[White "Leskovar, Mario Leopoldo"]
[Black "Villarreal, Agustin"]
[Result "1-0"]
[WhiteElo "2164"]
[BlackElo "2285"]
[PlyCount "120"]
[EventDate "2024.03.23"]
[EventType "swiss"]
[EventRounds "9"]
[EventCountry "ARG"]
[SourceTitle "CB14_2024"]
[SourceDate "2024.04.01"]
[SourceVersion "1"]
[SourceVersionDate "2024.04.01"]
[SourceQuality "1"]

1. e4 e5 2. Nf3 Nc6 3. Bb5 a6 4. Ba4 Nf6 5. d4 exd4 6. 0-0 Be7 7. Re1 b5 8. e5 Nxe5 9. Nxe5 bxa4 10. Qxd4 0-0 11. Nc3 Rb8 12. a3 Bb7 13. Qxa4 Re8 14. Bg5 h6 15. Bh4 c6 16. Rad1 Nd5 17. Bxe7 Nxc3 18. Qc4 Rxe7 19. Qxc3 Qc7 20. Ng6 Re6 21. Ne7+ Kh8 22. Nf5 Rf6 23. Re5 d6 24. Re7 Qd8 25. Rxd6 Qxe7 26. Nxe7 Rxd6 27. h3 Re8 28. Nf5 Rf6 29. Ne3 Bc8 30. Qd3 Rg6 31. Kh2 Rf6 32. Kg1 Rg6 33. Kf1 Rf6 34. b4 Rfe6 35. g4 Kg8 36. c4 Rf6 37. Kg2 Rg6 38. c5 h5 39. Kg3 hxg4 40. hxg4 Rge6 41. Nf5 Re4 42. f3 Re2 43. Nd6 R8e3 44. Qd4 Be6 45. Ne8 f6 46. Qd8 Kf7 47. Nd6+ Kg6 48. Qe8+ Kh7 49. Qxc6 Rxa3 50. Ne4 Bf7 51. Qb7 Kg6 52. Qd7 Raa2 53. Qf5+ Kh6 54. g5+ fxg5 55. Qxg5+ Kh7 56. Qh4+ Kg6 57. Qg4+ Kh7 58. Kf4 Bg6 59. Qh4+ Kg8 60. Qd8+ Kf7 1-0

[Event "Mar del Plata op 53rd"]
[Site "Mar del Plata"]
[Date "2024.03.26"]
[Round "4"]
[White "Villarreal, Agustin"]
[Black "Acosta, Pablo Ismael"]
[Result "0-1"]
[WhiteElo "2285"]
[BlackElo "2463"]
[PlyCount "56"]
[EventDate "2024.03.23"]
[EventType "swiss"]
[EventRounds "9"]
[EventCountry "ARG"]
[SourceTitle "CB14_2024"]
[SourceDate "2024.04.01"]
[SourceVersion "1"]
[SourceVersionDate "2024.04.01"]
[SourceQuality "1"]

1. d4 Nf6 2. c4 c5 3. d5 g6 4. Nc3 d6 5. e4 Bg7 6. Nf3 0-0 7. h3 e5 8. g4 Qa5 9. Bd2 Na6 10. Be2 Bd7 11. Nh2 Ne8 12. Nf1 f5 13. exf5 gxf5 14. Ng3 Qb6 15. gxf5 Bxf5 16. Nxf5 Rxf5 17. Bg4 Rf8 18. Rg1 Kh8 19. Ne4 Qxb2 20. Bc3 Qa3 21. Rg3 Nac7 22. Ng5 Nf6 23. Be6 Rae8 24. Qe2 Re7 25. Bxe5 Qa6 26. Bb2 h6 27. Ne4 Nxe6 28. Rxg7 Nxg7 0-1

[Event "Buenos Aires FAOGBA op 2nd"]
[Site "Buenos Aires"]
[Date "2024.03.17"]
[Round "7"]
[White "Villarreal, Agustin"]
[Black "Mareco, Sandro"]
[Result "1/2-1/2"]
[WhiteElo "2285"]
[BlackElo "2589"]
[PlyCount "44"]
[EventDate "2024.03.12"]
[EventType "swiss"]
[EventRounds "9"]
[EventCountry "ARG"]
[SourceTitle "CB13_2024"]
[SourceDate "2024.03.27"]
[SourceVersion "1"]
[SourceVersionDate "2024.03.27"]
[SourceQuality "1"]

1. d4 Nf6 2. c4 e6 3. Nc3 d5 4. cxd5 exd5 5. Nf3 c6 6. Qc2 g6 7. Bg5 Be7 8. e3 Bf5 9. Bd3 Bxd3 10. Qxd3 Nbd7 11. Bh6 Ng4 12. Bf4 0-0 13. h3 Ngf6 14. 0-0 Re8 15. Qc2 Nb6 16. a3 Nh5 17. Bh2 Bd6 18. Bxd6 Qxd6 19. Rac1 Re7 20. Ne5 Nf6 21. b4 Nfd7 22. Nd3 Nc4 1/2-1/2

[Event "Buenos Aires FAOGBA op 2nd"]
[Site "Buenos Aires"]
[Date "2024.03.16"]
[Round "6"]
[White "Espinoza Palomino, Willyam"]
[Black "Villarreal, Agustin"]
[Result "0-1"]
[WhiteElo "2400"]
[BlackElo "2285"]
[PlyCount "108"]
[EventDate "2024.03.12"]
[EventType "swiss"]
[EventRounds "9"]
[EventCountry "ARG"]
[SourceTitle "CB13_2024"]
[SourceDate "2024.03.27"]
[SourceVersion "1"]
[SourceVersionDate "2024.03.27"]
[SourceQuality "1"]

1. e4 e5 2. Nf3 Nc6 3. Bb5 a6 4. Ba4 Nf6 5. Nc3 b5 6. Bb3 Bb7 7. d3 Bc5 8. Bg5 h6 9. Bh4 g5 10. Bg3 d6 11. a4 b4 12. Nd5 Nd4 13. Nxd4 Bxd4 14. Nxf6+ Qxf6 15. Qc1 Qg6 16. c3 Bc5 17. h4 bxc3 18. bxc3 f5 19. h5 Qh7 20. f3 fxe4 21. dxe4 Bxe4 22. Bf2 Bxf2+ 23. Kxf2 Rf8 24. Kg3 Qf5 25. Ra2 Rb8 26. Bd1 Bd5 27. Re2 Rb1 28. Qe3 Qf4+ 29. Qxf4 Rxf4 30. Rhe1 Ke7 31. Bc2 Rb2 32. Ra1 a5 33. Ra3 Rh4 34. Bd3 Rxe2 35. Bxe2 Rxh5 36. c4 Bc6 37. c5 Rh4 38. cxd6+ cxd6 39. Bb5 Kd7 40. Rb3 Bxb5 41. Rxb5 Rxa4 42. Rb7+ Kc6 43. Rh7 Rh4 44. Ra7 a4 45. Kf2 Kc5 46. g4 Rh2+ 47. Ke3 Ra2 48. Rc7+ Kd5 49. Rh7 a3 50. Rxh6 Ra1 51. Rh2 a2 52. Rd2+ Kc4 53. Re2 d5 54. Rc2+ Kb3 0-1

[Event "Buenos Aires FAOGBA op 2nd"]
[Site "Buenos Aires"]
[Date "2024.03.16"]
[Round "5"]
[White "Villarreal, Agustin"]
[Black "Moldovan, Adrian"]
[Result "1-0"]
[WhiteElo "2285"]
[BlackElo "2032"]
[PlyCount "113"]
[EventDate "2024.03.12"]
[EventType "swiss"]
[EventRounds "9"]
[EventCountry "ARG"]
[SourceTitle "CB13_2024"]
[SourceDate "2024.03.27"]
[SourceVersion "1"]
[SourceVersionDate "2024.03.27"]
[SourceQuality "1"]

1. d4 d5 2. Nf3 e6 3. c4 a6 4. cxd5 exd5 5. Nc3 c6 6. Qc2 g6 7. e4 dxe4 8. Qxe4+ Be7 9. Bc4 Nf6 10. Ne5 0-0 11. Qe2 Nd5 12. Bxd5 cxd5 13. 0-0 Re8 14. Qf3 Be6 15. Bf4 f6 16. Nd3 Nc6 17. Be3 Qd7 18. Nc5 Bxc5 19. dxc5 Qf7 20. Rfd1 Ne5 21. Qg3 Rad8 22. Bd4 Nc6 23. Qf4 Rf8 24. Rd3 Bf5 25. Rg3 Rfe8 26. h3 Re6 27. Rd1 Kf8 28. Re3 Ne7 29. g4 Be4 30. f3 Bc2 31. Rd2 g5 32. Rxe6 gxf4 33. Rxf6 Bg6 34. Ne2 Rc8 35. Nxf4 Ke8 36. Rxf7 Bxf7 37. Kf2 Nc6 38. Bf6 d4 39. a3 Na5 40. Rxd4 Nc4 41. Nd3 Be6 42. Re4 Kd7 43. Bc3 Rf8 44. Rxc4 Bxc4 45. Ne5+ Ke6 46. Nxc4 Rd8 47. Nd6 Kd5 48. Nxb7 Rb8 49. Nd6 Kxc5 50. Ne4+ Kc4 51. Ke3 a5 52. h4 a4 53. h5 h6 54. g5 hxg5 55. h6 g4 56. fxg4 Kd5 57. h7 1-0

[Event "Villa Ballester op 73rd"]
[Site "Buenos Aires"]
[Date "2024.01.26"]
[Round "7"]
[White "Garcia Lemos, Federico"]
[Black "Villarreal, Agustin"]
[Result "0-1"]
[WhiteElo "2118"]
[BlackElo "2278"]
[PlyCount "82"]
[EventDate "2024.01.19"]
[EventType "swiss"]
[EventRounds "9"]
[EventCountry "ARG"]
[SourceTitle "CB06_2024"]
[SourceDate "2024.02.07"]
[SourceVersion "1"]
[SourceVersionDate "2024.02.07"]
[SourceQuality "1"]

1. d4 Nf6 2. c4 e6 3. Nc3 Bb4 4. e3 d5 5. a3 Bxc3+ 6. bxc3 c5 7. Bd3 0-0 8. cxd5 exd5 9. Ne2 b6 10. 0-0 Ba6 11. Ng3 Bxd3 12. Qxd3 c4 13. Qc2 Re8 14. f3 Nc6 15. e4 dxe4 16. fxe4 Nxd4 17. Qf2 Nb3 18. Bg5 Nxa1 19. Nh5 Re6 20. e5 Qd5 21. Bxf6 Rxf6 22. Nxf6+ gxf6 23. exf6 Qd3 24. Rxa1 Qxc3 25. Re1 Qxa3 26. Qf4 Qc5+ 27. Kh1 Kh8 28. Qg4 Qf8 29. Qxc4 Re8 30. Rf1 Re6 31. h3 h6 32. Qf4 Kh7 33. Qf5+ Kh8 34. Qf4 Kh7 35. Qf5+ Kh8 36. Rd1 Qg8 37. Rd7 Re1+ 38. Kh2 Qb8+ 39. g3 Re2+ 40. Kh1 Qc8 41. Kg1 Qc1+ 0-1

[Event "Villa Ballester op 73rd"]
[Site "Buenos Aires"]
[Date "2024.01.21"]
[Round "4"]
[White "Villarreal, Agustin"]
[Black "Gaztanaga, Pablo"]
[Result "1/2-1/2"]
[WhiteElo "2278"]
[BlackElo "1994"]
[PlyCount "53"]
[EventDate "2024.01.19"]
[EventType "swiss"]
[EventRounds "9"]
[EventCountry "ARG"]
[SourceTitle "CB06_2024"]
[SourceDate "2024.02.07"]
[SourceVersion "1"]
[SourceVersionDate "2024.02.07"]
[SourceQuality "1"]

1. d4 Nf6 2. c4 e6 3. Nf3 b6 4. g3 Bb7 5. Bg2 Be7 6. 0-0 0-0 7. Nc3 Ne4 8. Bd2 Bf6 9. Re1 c5 10. d5 exd5 11. cxd5 Nxd2 12. Qxd2 d6 13. e4 Nd7 14. Qc2 a6 15. a4 Qc7 16. Nd2 Rae8 17. Nc4 Ne5 18. Ne3 g6 19. Rad1 Bg7 20. Re2 Bc8 21. h3 b5 22. axb5 axb5 23. Nxb5 Qb6 24. Na3 Ba6 25. Red2 Rb8 26. Nac4 Nxc4 27. Nxc4 1/2-1/2

[Event "Titled Tuesday intern op 26th Sep Late"]
[Site "Chess.com INT"]
[Date "2023.09.26"]
[Round "5"]
[White "Bazzano, Sebastian"]
[Black "Villarreal, Agustin"]
[Result "1/2-1/2"]
[WhiteElo "2288"]
[BlackElo "2336"]
[PlyCount "78"]
[EventDate "2023.09.26"]
[EventType "swiss (blitz)"]
[EventRounds "11"]
[EventCountry "USA"]
[SourceTitle "EXT 2024"]
[Source "ChessBase"]
[SourceDate "2023.10.10"]
[SourceVersion "1"]
[SourceVersionDate "2023.10.10"]
[SourceQuality "1"]

1. d4 Nf6 2. Bf4 g6 3. Nc3 d5 4. e3 Bg7 5. h4 h5 6. Nf3 c6 7. Ne5 Nbd7 8. Be2 Nxe5 9. Bxe5 b5 10. f3 a5 11. Qd2 a4 12. a3 Qb6 13. 0-0 0-0 14. Na2 Be6 15. Nb4 Rac8 16. Nd3 Nd7 17. Bxg7 Kxg7 18. Kh2 f5 19. f4 Nf6 20. Bf3 Bd7 21. Nc5 Rfd8 22. Rfb1 Kf7 23. b3 axb3 24. cxb3 Ra8 25. a4 Ne4 26. Bxe4 dxe4 27. a5 Qc7 28. b4 Be6 29. Rc1 Bd5 30. Qc3 e6 31. a6 Ra7 32. Ra5 Rda8 33. Rca1 Qb6 34. Nb7 Qc7 35. Qc5 Kf6 36. Nd6 Kg7 37. Nb7 Kf6 38. Nd6 Kg7 39. Nb7 Kf6 1/2-1/2

[Event "Titled Tuesday intern op 26th Sep Late"]
[Site "Chess.com INT"]
[Date "2023.09.26"]
[Round "7"]
[White "Vargas, Mauricio"]
[Black "Villarreal, Agustin"]
[Result "0-1"]
[WhiteElo "1961"]
[BlackElo "2336"]
[PlyCount "50"]
[EventDate "2023.09.26"]
[EventType "swiss (blitz)"]
[EventRounds "11"]
[EventCountry "USA"]
[SourceTitle "EXT 2024"]
[Source "ChessBase"]
[SourceDate "2023.10.10"]
[SourceVersion "1"]
[SourceVersionDate "2023.10.10"]
[SourceQuality "1"]

1. e4 e5 2. Nf3 Nc6 3. Bc4 Nf6 4. 0-0 Nxe4 5. Re1 d5 6. Bb5 Bc5 7. d4 exd4 8. Ne5 0-0 9. Bxc6 bxc6 10. Nxc6 Qf6 11. f3 d3+ 12. Be3 Bxe3+ 13. Rxe3 Qxc6 14. fxe4 dxc2 15. Qc1 cxb1Q 16. Rxb1 Qxc1+ 17. Rxc1 dxe4 18. Rxe4 Be6 19. Rxc7 Bxa2 20. Ree7 a5 21. Rb7 a4 22. Kf2 g6 23. Kg3 Kg7 24. Kh4 Rfe8 25. Rxf7+ Bxf7 0-1

[Event "Titled Tuesday intern op 26th Sep Late"]
[Site "Chess.com INT"]
[Date "2023.09.26"]
[Round "11"]
[White "Villarreal, Agustin"]
[Black "Korchagina, Alena"]
[Result "0-1"]
[WhiteElo "2336"]
[BlackElo "2076"]
[PlyCount "48"]
[EventDate "2023.09.26"]
[EventType "swiss (blitz)"]
[EventRounds "11"]
[EventCountry "USA"]
[SourceTitle "EXT 2024"]
[Source "ChessBase"]
[SourceDate "2023.10.10"]
[SourceVersion "1"]
[SourceVersionDate "2023.10.10"]
[SourceQuality "1"]

1. e4 e5 2. Nf3 Nc6 3. Bc4 Nf6 4. Ng5 d5 5. exd5 Na5 6. Bb5+ c6 7. dxc6 bxc6 8. Bd3 Nd5 9. Nf3 Bd6 10. 0-0 0-0 11. Re1 Qc7 12. Bf1 Bg4 13. d3 f5 14. h3 Bh5 15. Nbd2 Rae8 16. Be2 Nf4 17. Nf1 Nxe2+ 18. Qxe2 e4 19. Qd2 exf3 20. Rxe8 Rxe8 21. gxf3 Bxf3 22. b4 Re2 23. Qg5 Re1 24. bxa5 Bh2# 0-1

[Event "Villa Martelli 90 Aanos"]
[Site "Villa Martelli"]
[Date "2023.08.31"]
[Round "1"]
[White "Villarreal, Agustin"]
[Black "Romero Barreto, Jaime Jose"]
[Result "1/2-1/2"]
[WhiteElo "2336"]
[BlackElo "2335"]
[PlyCount "31"]
[EventDate "2023.08.31"]
[EventType "tourn"]
[EventRounds "9"]
[EventCountry "ARG"]
[EventCategory "1"]
[SourceTitle "EXT 2024"]
[Source "ChessBase"]
[SourceDate "2023.10.10"]
[SourceVersion "1"]
[SourceVersionDate "2023.10.10"]
[SourceQuality "1"]

1. d4 d5 2. Nf3 Nf6 3. c4 c6 4. Nc3 dxc4 5. a4 Bf5 6. Ne5 Nbd7 7. Nxc4 Nb6 8. Ne5 a5 9. f3 Nfd7 10. Nxd7 Bxd7 11. e4 e6 12. Be3 Bb4 13. Bd3 0-0 14. 0-0 Rc8 15. e5 Nd5 16. Nxd5 1/2-1/2

[Event "Villa Constitucion op"]
[Site "Villa Constitucion"]
[Date "2023.08.19"]
[Round "5"]
[White "Villarreal, Agustin"]
[Black "Aguilar Samper, Valentin"]
[Result "1/2-1/2"]
[WhiteElo "2295"]
[BlackElo "2177"]
[PlyCount "23"]
[EventDate "2023.08.17"]
[EventType "swiss"]
[EventRounds "9"]
[EventCountry "ARG"]
[SourceTitle "EXT 2024"]
[Source "ChessBase"]
[SourceDate "2023.10.10"]
[SourceVersion "1"]
[SourceVersionDate "2023.10.10"]
[SourceQuality "1"]

1. d4 Nf6 2. c4 e6 3. Nf3 Bb4+ 4. Bd2 a5 5. a3 Bxd2+ 6. Qxd2 b6 7. Nc3 Bb7 8. g3 d6 9. Bg2 Nbd7 10. 0-0 Ne4 11. Nxe4 Bc8 12. Nc3 1/2-1/2

[Event "Buenos Aires Grafica Yael Torre Blanca"]
[Site "Buenos Aires"]
[Date "2023.08.12"]
[Round "5"]
[White "Villarreal, Agustin"]
[Black "Adam, Ernestina"]
[Result "1-0"]
[WhiteElo "2295"]
[BlackElo "2105"]
[PlyCount "107"]
[EventDate "2023.08.08"]
[EventType "tourn"]
[EventRounds "9"]
[EventCountry "ARG"]
[EventCategory "1"]
[SourceTitle "CBM 215 Extra"]
[Source "ChessBase"]
[SourceDate "2023.09.30"]
[SourceVersion "1"]
[SourceVersionDate "2023.09.30"]
[SourceQuality "1"]

1. d4 Nf6 2. c4 g6 3. Nf3 Bg7 4. Nc3 d5 5. Bg5 Ne4 6. cxd5 Nxg5 7. Nxg5 e6 8. Qd2 h6 9. Nf3 exd5 10. e3 0-0 11. Bd3 Be6 12. 0-0 Nd7 13. b4 a5 14. a3 Qe7 15. h3 c6 16. Rab1 axb4 17. axb4 f5 18. Rfc1 g5 19. Ne2 Rf7 20. b5 c5 21. dxc5 Nxc5 22. Nfd4 Ne4 23. Qb4 Qe8 24. Nxe6 Qxe6 25. b6 Be5 26. Nd4 Qf6 27. Nf3 Bc3 28. Qb3 Rc8 29. Qxd5 Rd8 30. Bxe4 Rxd5 31. Bxd5 g4 32. Nd4 Bxd4 33. Rc7 Qd6 34. Bxf7+ Kg7 35. exd4 Qxd4 36. hxg4 fxg4 37. g3 Kf6 38. Re1 Qb4 39. Re3 h5 40. Be8 Qb1+ 41. Kg2 Qb2 42. Rce7 Qa1 43. Bxh5 Qd1 44. Rf7+ Kg5 45. Re5+ Kh6 46. Rf6+ Kg7 47. Rg6+ Kh7 48. Rxg4 Qd6 49. Bg6+ Kg7 50. Be8+ Kf8 51. Rf4+ Kg7 52. Rg5+ Kh6 53. Rg6+ Qxg6 54. Bxg6 1-0

[Event "Titled Tuesday intern op 01st Aug Late"]
[Site "Chess.com INT"]
[Date "2023.08.01"]
[Round "5"]
[White "Kostic, V Vladimir"]
[Black "Villarreal, Agustin"]
[Result "0-1"]
[WhiteElo "2022"]
[BlackElo "2295"]
[PlyCount "94"]
[EventDate "2023.08.01"]
[EventType "swiss (blitz)"]
[EventRounds "11"]
[EventCountry "USA"]
[SourceTitle "EXT 2024"]
[Source "ChessBase"]
[SourceDate "2023.10.10"]
[SourceVersion "1"]
[SourceVersionDate "2023.10.10"]
[SourceQuality "1"]

1. e4 e5 2. Nf3 Nc6 3. Bc4 Nf6 4. d3 h6 5. c3 d6 6. Nbd2 g6 7. 0-0 Bg7 8. Re1 0-0 9. Bb3 d5 10. exd5 Nxd5 11. Ne4 Re8 12. Bxh6 Nxc3 13. Qc1 Nxe4 14. dxe4 Be6 15. Bxg7 Kxg7 16. Qc3 Bxb3 17. Qxb3 Rb8 18. Rad1 Qe7 19. Qc3 Rbd8 20. Rd5 f6 21. Red1 Rxd5 22. exd5 Nd4 23. Nxd4 exd4 24. Qd2 Qe5 25. g3 Qxd5 26. Qf4 c5 27. Qc7+ Kg8 28. h4 d3 29. Qf4 Kf7 30. b3 b5 31. Qh6 Re2 32. Qh7+ Ke6 33. Qxg6 c4 34. bxc4 bxc4 35. Qe8+ Kd6 36. Qd8+ Kc5 37. Qxf6 Qe5 38. Qf8+ Kd4 39. Qd8+ Kc3 40. Qf8 Re1+ 41. Rxe1 Qxe1+ 42. Kg2 Qe4+ 43. Kh2 d2 44. Qa3+ Kc2 45. Qa4+ Kd3 46. Qd7+ Ke2 47. Qb7 Qxb7 0-1

[Event "Titled Tuesday intern op 25th Jul Late"]
[Site "Chess.com INT"]
[Date "2023.07.25"]
[Round "4"]
[White "Diaz Garcia, Lianet"]
[Black "Villarreal, Agustin"]
[Result "0-1"]
[WhiteElo "1999"]
[BlackElo "2293"]
[PlyCount "66"]
[EventDate "2023.07.25"]
[EventType "swiss (blitz)"]
[EventRounds "11"]
[EventCountry "USA"]
[SourceTitle "EXT 2024"]
[Source "ChessBase"]
[SourceDate "2023.10.10"]
[SourceVersion "1"]
[SourceVersionDate "2023.10.10"]
[SourceQuality "1"]

1. e4 e5 2. Nf3 Nc6 3. Bb5 a6 4. Ba4 Nf6 5. 0-0 Be7 6. Re1 b5 7. Bb3 0-0 8. c3 d5 9. exd5 Nxd5 10. Nxe5 Nxe5 11. Rxe5 c6 12. d4 Bd6 13. Re1 Qh4 14. g3 Qh3 15. Be3 Ra7 16. Qf3 Bg4 17. Qg2 Qh5 18. Nd2 Re7 19. Bxd5 cxd5 20. a4 Rfe8 21. axb5 axb5 22. Ra6 Bb8 23. Rea1 Qf5 24. Rb6 Bh3 25. Qf3 Qd7 26. Ra5 Bg4 27. Qg2 Bc7 28. Ra7 Qf5 29. Rxb5 Qd3 30. Qf1 Qc2 31. Qb1 Bf5 32. Qxc2 Bxc2 33. Rxd5 Bd3 0-1

[Event "Titled Tuesday intern op 25th Jul Late"]
[Site "Chess.com INT"]
[Date "2023.07.25"]
[Round "10"]
[White "Villarreal, Agustin"]
[Black "Quirke, Jeffrey"]
[Result "0-1"]
[WhiteElo "2293"]
[BlackElo "1998"]
[PlyCount "66"]
[EventDate "2023.07.25"]
[EventType "swiss (blitz)"]
[EventRounds "11"]
[EventCountry "USA"]
[SourceTitle "EXT 2024"]
[Source "ChessBase"]
[SourceDate "2023.10.10"]
[SourceVersion "1"]
[SourceVersionDate "2023.10.10"]
[SourceQuality "1"]

1. e4 e6 2. d4 d5 3. Nd2 dxe4 4. Nxe4 Bd7 5. Nf3 Bc6 6. Bd3 Nd7 7. 0-0 Ngf6 8. Ng3 g6 9. c3 Bg7 10. Re1 0-0 11. Ne5 Nxe5 12. dxe5 Nd7 13. Bf4 Nc5 14. Re3 Qe7 15. Qe2 a5 16. Rd1 Rfd8 17. Ne4 Nxe4 18. Bxe4 Rxd1+ 19. Qxd1 Rd8 20. Qe2 Qc5 21. Bxc6 Qxc6 22. Rd3 Rd5 23. h3 h6 24. Qd2 Qd7 25. Rxd5 Qxd5 26. Qe3 g5 27. Bg3 Qxa2 28. Qa7 Qxb2 29. Qb8+ Kh7 30. Qxc7 a4 31. Qxf7 a3 32. Qxe6 Qb1+ 33. Kh2 a2 0-1

[Event "Titled Tuesday intern op 18th Jul Late"]
[Site "Chess.com INT"]
[Date "2023.07.18"]
[Round "3"]
[White "Cattaneo, Marco"]
[Black "Villarreal, Agustin"]
[Result "0-1"]
[WhiteElo "2264"]
[BlackElo "2293"]
[PlyCount "78"]
[EventDate "2023.07.18"]
[EventType "swiss (blitz)"]
[EventRounds "11"]
[EventCountry "USA"]
[SourceTitle "EXT 2024"]
[Source "ChessBase"]
[SourceDate "2023.10.10"]
[SourceVersion "1"]
[SourceVersionDate "2023.10.10"]
[SourceQuality "1"]

1. d4 Nf6 2. c3 d5 3. Bg5 Ne4 4. Bf4 Nd7 5. Nd2 Ndf6 6. f3 Nxd2 7. Qxd2 c5 8. dxc5 e6 9. b4 a5 10. Rb1 b6 11. c6 axb4 12. cxb4 b5 13. e4 Qb6 14. e5 Ng8 15. Rc1 Ra4 16. Be3 Qa6 17. a3 Rxa3 18. Kf2 Ra2 19. Rc2 Rxc2 20. Qxc2 Bxb4 21. Nh3 Ne7 22. c7 0-0 23. Ng5 g6 24. Bd3 Nf5 25. Bxf5 exf5 26. Rb1 Be7 27. Nh3 f4 28. Nxf4 Bf5 29. Nd3 b4 30. Rb3 Qc4 31. Qb1 Qxc7 32. g4 Bxd3 33. Qxd3 Qxe5 34. Kg2 Ra8 35. Qb1 Ra1 36. Qc2 d4 37. Bf2 Ra3 38. Rb1 Qd5 39. Qc8+ Kg7 0-1

[Event "Titled Tuesday intern op 18th Jul Late"]
[Site "Chess.com INT"]
[Date "2023.07.18"]
[Round "4"]
[White "Villarreal, Agustin"]
[Black "Belov, Alexei"]
[Result "1-0"]
[WhiteElo "2293"]
[BlackElo "2421"]
[PlyCount "83"]
[EventDate "2023.07.18"]
[EventType "swiss (blitz)"]
[EventRounds "11"]
[EventCountry "USA"]
[SourceTitle "EXT 2024"]
[Source "ChessBase"]
[SourceDate "2023.10.10"]
[SourceVersion "1"]
[SourceVersionDate "2023.10.10"]
[SourceQuality "1"]

1. d4 e6 2. c4 d5 3. Nc3 Be7 4. cxd5 exd5 5. Nf3 c6 6. Qc2 g6 7. Bf4 Bf5 8. Qb3 Qb6 9. Nd2 Nf6 10. e3 Nbd7 11. Be2 Qxb3 12. Nxb3 0-0 13. 0-0 a5 14. h3 a4 15. Nd2 Bb4 16. a3 Be7 17. f3 b5 18. e4 dxe4 19. fxe4 Be6 20. d5 cxd5 21. Bxb5 Nxe4 22. Ndxe4 dxe4 23. Nxe4 Nc5 24. Nc3 Rfd8 25. Rad1 Bb3 26. Rxd8+ Rxd8 27. Re1 Bf6 28. Be5 Bxe5 29. Rxe5 Nd3 30. Re2 Nf4 31. Rf2 Ne6 32. Bxa4 Nc5 33. Bb5 f5 34. Re2 Kf7 35. Re5 Nd3 36. Bxd3 Rxd3 37. Rb5 Bc4 38. Rb4 Be6 39. Rb7+ Kf6 40. Rxh7 Rd2 41. Rb7 f4 42. Ne4+ 1-0

[Event "Titled Tuesday intern op 18th Jul Early"]
[Site "Chess.com INT"]
[Date "2023.07.18"]
[Round "3"]
[White "Villarreal, Agustin"]
[Black "Remizov, Yaroslav"]
[Result "0-1"]
[WhiteElo "2293"]
[BlackElo "2409"]
[PlyCount "82"]
[EventDate "2023.07.18"]
[EventType "swiss (blitz)"]
[EventRounds "11"]
[EventCountry "USA"]
[SourceTitle "EXT 2024"]
[Source "ChessBase"]
[SourceDate "2023.10.10"]
[SourceVersion "1"]
[SourceVersionDate "2023.10.10"]
[SourceQuality "1"]

1. e4 c6 2. d4 d5 3. exd5 cxd5 4. Bd3 Nc6 5. c3 Nf6 6. Bf4 Bg4 7. Nf3 e6 8. Nbd2 Bd6 9. Bxd6 Qxd6 10. h3 Bxf3 11. Nxf3 0-0 12. 0-0 Qc7 13. Re1 Rab8 14. Qe2 a6 15. a4 g6 16. g3 Kg7 17. Kg2 Rfe8 18. Qe3 Re7 19. Re2 b5 20. b4 Nd7 21. Qd2 Ree8 22. Ree1 Rec8 23. Qe2 Na7 24. Rec1 Rb6 25. Nd2 Rc6 26. axb5 Nxb5 27. Bxb5 axb5 28. Qxb5 Nb6 29. Ra6 Rb8 30. Nb3 Rd6 31. Nc5 Nc4 32. Qa4 Rdb6 33. Ra7 Qd8 34. Ra1 Qg5 35. Qd1 Qf5 36. Qe2 h5 37. Rd7 Rf8 38. Raa7 Kg8 39. Na4 Rbb8 40. Nc5 Nb6 41. Nxe6 Nxd7 0-1

[Event "Titled Tuesday intern op 18th Jul Early"]
[Site "Chess.com INT"]
[Date "2023.07.18"]
[Round "5"]
[White "Villarreal, Agustin"]
[Black "Vovk, Orest"]
[Result "0-1"]
[WhiteElo "2293"]
[BlackElo "2315"]
[PlyCount "82"]
[EventDate "2023.07.18"]
[EventType "swiss (blitz)"]
[EventRounds "11"]
[EventCountry "USA"]
[SourceTitle "EXT 2024"]
[Source "ChessBase"]
[SourceDate "2023.10.10"]
[SourceVersion "1"]
[SourceVersionDate "2023.10.10"]
[SourceQuality "1"]

1. e4 g5 2. d4 g4 3. Nc3 Bg7 4. Be3 d6 5. Qd2 c6 6. h3 h5 7. hxg4 hxg4 8. Rxh8 Bxh8 9. 0-0-0 Qa5 10. Kb1 b5 11. Bd3 Be6 12. b3 b4 13. Na4 Nd7 14. Ne2 Nb6 15. Nb2 Qa3 16. Rh1 Bf6 17. Nf4 a5 18. Nxe6 fxe6 19. Qc1 a4 20. Nc4 Nxc4 21. Bxc4 d5 22. Qxa3 bxa3 23. Bd3 axb3 24. cxb3 e5 25. exd5 exd4 26. Bf4 cxd5 27. Bb5+ Kf7 28. Rh7+ Ke6 29. Be2 Kf5 30. Bd3+ Kxf4 31. g3+ Kf3 32. Rh2 Rc8 33. Bc2 Rc3 34. Kc1 d3 35. Kd2 Rxc2+ 36. Kxd3 Rxa2 37. Rh5 e5 38. Rf5+ Kg2 39. Rh5 Rxf2 40. b4 a2 41. Rh7 a1Q 0-1

[Event "Buenos Aires Masters op"]
[Site "Buenos Aires"]
[Date "2023.06.19"]
[Round "8"]
[White "Unhold, Valentin"]
[Black "Villarreal, Agustin"]
[Result "0-1"]
[WhiteElo "2060"]
[BlackElo "2289"]
[PlyCount "76"]
[EventDate "2023.06.14"]
[EventType "swiss"]
[EventRounds "9"]
[EventCountry "ARG"]
[SourceTitle "CBM 215 Extra"]
[Source "ChessBase"]
[SourceDate "2023.09.30"]
[SourceVersion "1"]
[SourceVersionDate "2023.09.30"]
[SourceQuality "1"]

1. Nf3 d5 2. b3 Bg4 3. Bb2 Nf6 4. g3 Nbd7 5. Bg2 e6 6. d3 Bd6 7. Nbd2 0-0 8. 0-0 Qe7 9. h3 Bh5 10. Re1 Ba3 11. Qc1 Bxb2 12. Qxb2 Bxf3 13. exf3 a5 14. f4 Qd6 15. a3 b5 16. Nf3 Rfc8 17. Ne5 Rab8 18. c3 Nb6 19. Qc2 Nfd7 20. c4 bxc4 21. bxc4 Nxe5 22. Rxe5 Nd7 23. Ree1 d4 24. Reb1 Rxb1+ 25. Qxb1 Rb8 26. Qe1 a4 27. Qd1 Nc5 28. Qc2 Rb3 29. Bf1 Qb6 30. Ra2 g6 31. Be2 Qb7 32. g4 Rb1+ 33. Kh2 Qh1+ 34. Kg3 Qg1+ 35. Kf3 Qh2 36. f5 g5 37. Qb3 Qh1+ 38. Kg3 Rg1# 0-1

[Event "Villa Martelli Panno 70-B"]
[Site "Villa Martelli"]
[Date "2023.05.14"]
[Round "7"]
[White "Fiorito, Francisco"]
[Black "Villarreal, Agustin"]
[Result "1/2-1/2"]
[WhiteElo "2305"]
[BlackElo "2299"]
[PlyCount "30"]
[EventDate "2023.05.09"]
[EventType "tourn"]
[EventRounds "9"]
[EventCountry "ARG"]
[EventCategory "3"]
[SourceTitle "CBM 214 Extra"]
[Source "ChessBase"]
[SourceDate "2023.07.31"]
[SourceVersion "1"]
[SourceVersionDate "2023.07.31"]
[SourceQuality "1"]

1. c4 e6 2. Nc3 d5 3. d4 Nf6 4. Bg5 Be7 5. Nf3 h6 6. Bh4 0-0 7. e3 Ne4 8. Bxe7 Qxe7 9. Qc2 Nxc3 10. Qxc3 dxc4 11. Qxc4 c6 12. Be2 Nd7 13. Rc1 e5 14. 0-0 e4 15. Nd2 Nf6 1/2-1/2